书目信息 |
| 题名: |
计算机应用基础
|
|
| 作者: | 杨建存 主编 | |
| 分册: | ||
| 出版信息: | 北京 中国水利水电出版社 2018.06 |
|
| 页数: | 267页 | |
| 开本: | 26cm | |
| 丛书名: | ||
| 单 册: | ||
| 中图分类: | TP3 , TP317.1 , TP316.86 , TP316.7 | |
| 科图分类: | ||
| 主题词: | 计算机科学--高等职业教育--教材 , 软件 | |
| 电子资源: | ||
| ISBN: | 978-7-5170-6533-3 | |
| 000 | 01078nam0 2200301 450 | |
| 001 | 5255 | |
| 005 | 20181014161906.73 | |
| 010 | @a978-7-5170-6533-3@dCNY39.00 | |
| 100 | @a20180819d2018 em y0chiy50 ea | |
| 101 | 0 | @achi |
| 102 | @aCN@b110000 | |
| 105 | @aa z 000yy | |
| 200 | 1 | @a计算机应用基础@9ji suan ji ying yong ji chu@eWindows 7+Office 2010版@f杨建存主编 |
| 210 | @a北京@c中国水利水电出版社@d2018.06 | |
| 215 | @a267页@c图@d26cm | |
| 300 | @a全国高职高专“十三五”规划教材 | |
| 307 | @a实际页数为:268 | |
| 330 | @a本书采用由浅入深、循序渐进的原则,以相关知识为重点,以加强动手能力为目标。全书共分6章,主要内容包括计算机基础知识、Windows 7操作系统、文字处理软件Word 2010、电子表格软件Excel 2010、演示文稿软件PowerPoint 2010、计算机网络基础知识。 | |
| 606 | 0 | @a计算机科学@x高等职业教育@j教材 |
| 606 | 0 | @a软件 |
| 610 | 0 | @aWindows 7@aOffice |
| 690 | @aTP3@v5 | |
| 690 | @aTP317.1@v5 | |
| 690 | @aTP316.86@v5 | |
| 690 | @aTP316.7@v4 | |
| 701 | 0 | @a杨建存@9yang jian cun@4主编 |
| 801 | 0 | @aCN@b91MARC@c20180819 |
| 905 | @aMuseLib@dTP316.7@e909 | |
| 计算机应用基础:Windows 7+Office 2010版/杨建存主编.-北京:中国水利水电出版社,2018.06 |
| 267页:图;26cm |
| 全国高职高专“十三五”规划教材 |
| ISBN 978-7-5170-6533-3:CNY39.00 |
| 本书采用由浅入深、循序渐进的原则,以相关知识为重点,以加强动手能力为目标。全书共分6章,主要内容包括计算机基础知识、Windows 7操作系统、文字处理软件Word 2010、电子表格软件Excel 2010、演示文稿软件PowerPoint 2010、计算机网络基础知识。 |
| ● |
| 相关链接 |
|
|
|
|
正题名:计算机应用基础
索取号:TP316.7/909
 
预约/预借
| 序号 | 登录号 | 条形码 | 馆藏地/架位号 | 状态 | 备注 |
| 1 | 1128839 | 211288391 | 第二样本阅览室/ [索取号:TP316.7/909] | 在馆 | |
| 2 | 1128840 | 211288408 | 第三借阅区/ [索取号:TP316.7/909] | 在馆 | |
| 3 | 1128841 | 211288417 | 第三借阅区/ [索取号:TP316.7/909] | 在馆 | |
| 4 | 1128842 | 211288426 | 第三借阅区/ [索取号:TP316.7/909] | 在馆 | |
| 5 | 1128843 | 211288435 | 第三借阅区/ [索取号:TP316.7/909] | 在馆 |